000 00330nam a2200157Ia 4500
100 _aKraus/John D
250 _a3
942 _cBK
654 _aelectromagnetics
245 _aElectromagnetics 4th ed
260 _bMcGraw Hill
_aNew york
_c1992
082 _a530.141
_bKRA
300 _a847
546 _aENGLISH
999 _c25191
_d25191